Diccionario Griego-Español: L/Z

保存先:
書誌詳細
フォーマット: 図書
言語:Undetermined
出版事項: Barcelona, España Editorial Ramón Sopena 1998
主題:
タグ: タグ追加
タグなし, このレコードへの初めてのタグを付けませんか!

MARC

LEADER 00000nam a2200000Ia 4500
008 170316s9999 xx 000 0 und d
040 |a cru BVZT 
090 |a REF 
245 |a Diccionario Griego-Español: L/Z 
260 |a Barcelona, España 
260 |b Editorial Ramón Sopena 
260 |c 1998 
300 |a 822-1643 páginas 
650 |a LITERATURA ESPAÑOLA 
942 |c REF 
999 |c 14608  |d 14608